Datum a čas kvízu
18.5
Celkem bodů
Celkový počet nahraných bodů na tomto kvízu bez doplňovacích otázek.
9.
Pořadí na kvízu
Konečné umístění týmu na tomto kvízu.
Zaznamenané odpovědi
| # | Otázka | Odpověď | Body | Výsledky |
|---|---|---|---|---|
| 1. | Kostel svatého Vintíře v Dobré... | 0 | ||
| 2. | Pětačtyřicetiletý pastor, kter... | 1 | ||
| 3. | Bývalý šéf Bílého domu se nyní... | 0 | ||
| 4. | Ruský výrobce minerálních vod... | 0 | ||
| 5. | Druhý letošní grandslamový tur... | 1 | ||
| 6. | Fanoušky na celém světě si po... | 0 | ||
| 7. | Ke které deskové hře odkazuje... | 1 | ||
| 8. | Ve hře Osadníci z Katanu je mo... | 1 | ||
| 9. | Ze které evropské země pochází... | 0 | ||
| 10. | Napište jméno této postavy z k... | 0 |